书目信息 |
| 题名: |
高海拔地区建筑工程施工技术指南
|
|
| 作者: | 严晗 编著 | |
| 分册: | ||
| 出版信息: | 北京 中国铁道出版社有限公司 2019.08 |
|
| 页数: | 185页 | |
| 开本: | 21cm | |
| 丛书名: | ||
| 单 册: | ||
| 中图分类: | TU74-62 | |
| 科图分类: | ||
| 主题词: | 高原--gao yuan--建筑工程--工程施工--指南 , 寒冷地区--han leng di qu--建筑工程--工程施工--指南 | |
| 电子资源: | ||
| ISBN: | 978-7-113-26003-3 | |
| 000 | 01051nam0 2200229 450 | |
| 001 | 2045712821 | |
| 005 | 20201107124200.85 | |
| 010 | @a978-7-113-26003-3@dCNY30.00 | |
| 100 | @a20190925d2019 em y0chiy50 ea | |
| 101 | 0 | @achi |
| 102 | @aCN@b110000 | |
| 105 | @aa z 000yy | |
| 200 | 1 | @a高海拔地区建筑工程施工技术指南@Agao hai ba di qu jian zhu gong cheng shi gong ji shu zhi nan@f严晗编著 |
| 210 | @a北京@c中国铁道出版社有限公司@d2019.08 | |
| 215 | @a185页@c图@d21cm | |
| 330 | @a本书针对高海拔地区建筑施工特点, 将高寒地区长期施工经验与高寒地区地理、气候特点相结合, 从地基与基础、支护结构、高原钢筋、混凝土、防水、屋面、冬季施工、高原绿植及钢结构等领域作为出发点, 在构造措施、施工工艺、材料性能几个方面进行了深入的研究, 总结得到高原特有的施工特点和工艺, 整理出高海拔寒冷地区建筑工程施工新技术。 | |
| 606 | 0 | @a高原@Agao yuan@x建筑工程@x工程施工@j指南 |
| 606 | 0 | @a寒冷地区@Ahan leng di qu@x建筑工程@x工程施工@j指南 |
| 690 | @aTU74-62@v5 | |
| 701 | 0 | @a严晗@Ayan han@4编著 |
| 801 | 0 | @aCN@b人天书店@c20200926 |
| 905 | @aZUCC@dTU74-62@eY053 | |
| 高海拔地区建筑工程施工技术指南/严晗编著.-北京:中国铁道出版社有限公司,2019.08 |
| 185页:图;21cm |
| ISBN 978-7-113-26003-3:CNY30.00 |
| 本书针对高海拔地区建筑施工特点, 将高寒地区长期施工经验与高寒地区地理、气候特点相结合, 从地基与基础、支护结构、高原钢筋、混凝土、防水、屋面、冬季施工、高原绿植及钢结构等领域作为出发点, 在构造措施、施工工艺、材料性能几个方面进行了深入的研究, 总结得到高原特有的施工特点和工艺, 整理出高海拔寒冷地区建筑工程施工新技术。 |
| ● |
| 相关链接 |
|
|
|
正题名:高海拔地区建筑工程施工技术指南
索取号:TU74-62/Y053
 
预约/预借
| 序号 | 登录号 | 条形码 | 馆藏地/架位号 | 状态 | 备注 |
| 1 | 1485244 | 214852444 | 建筑库201/201建筑库 108排7列4层/ [索取号:TU74-62/Y053] | 在馆 | |
| 2 | 1485245 | 214852453 | 建筑库201/201建筑库 108排7列4层/ [索取号:TU74-62/Y053] | 在馆 |